Nízkoteplotné vykurovanie a vysokoteplotné chladenie s tepelným čerpadlom

Enregistré dans:
Détails bibliographiques
Auteur principal: Drahoš, Peter (Auteur)
Autres auteurs: Petráš, Dušan (Directeur de thèse)
Format: Manuscrit Livre
Langue:slovaque
Publié: 2019
Sujets:
Accès en ligne:http://is.stuba.sk/zp/portal_zp.pl?podrobnosti=145317
https://opac.crzp.sk/?fn=detailBiblioForm&sid=9F8942B94996237AA2F51FF666DC
Tags: Ajouter un tag
Pas de tags, Soyez le premier à ajouter un tag!

MARC

LEADER 00000ntm a22000003a 4500
001 stuzp73935
003 SK-STU
005 20230526140318.7
007 ta
008 150427s2015----xo-----f-mn---000-0-slo-d
040 |a STU  |b slo 
041 0 |a slo 
100 1 |a Drahoš, Peter  |u 010290  |k Z4  |4 aut  |U SvF Stavebná fakulta  |T SvF Katedra technických zariadení budov  |X 63234  |U V290  |Y 31  |7 63234 
242 0 1 |a Low temperature heating and high temperature cooling with heat pump  |y eng 
245 1 0 |a Nízkoteplotné vykurovanie a vysokoteplotné chladenie s tepelným čerpadlom 
260 |c 2019 
650 4 |a podlahové vykurovanie  |2 slo 
650 4 |a nízkoteplotné vykurovanie a vysokoteplotné chladenie  |2 slo 
650 4 |a tepelné čerpadlo  |2 slo 
650 4 |a stropné chladenie  |2 slo 
650 4 |a low temperature heating and high temperature cooling  |2 eng 
650 4 |a ceiling cooling  |2 eng 
650 4 |a heat pump  |2 eng 
650 4 |a in-floor heating  |2 eng 
700 1 |a Petráš, Dušan  |u 010290  |k Z1  |4 ths  |U SvF Stavebná fakulta  |T SvF Katedra technických zariadení budov  |X 749  |U V290  |Y 31  |7 A000000749 
856 4 |u http://is.stuba.sk/zp/portal_zp.pl?podrobnosti=145317 
856 4 |u https://opac.crzp.sk/?fn=detailBiblioForm&sid=9F8942B94996237AA2F51FF666DC